00522 2200205 4500001002100000005001800021008004100039020001800080035002400098090001800122100002000140245003100160250001100191260003100202300002000233650001500253700001800268850001500286999001500301YOGYA-0111000000029320110126110632684 ind  a979-413-051-6 0010-011100000000293 aDep 153 Sme T aSmedes, Lewis B aTeknik mengambil keputusan aCet. 2 aYogyakartabKanisiusc1992 a176 hlm.; 21 cm aKecerdasan aTugiyarso, YB aYOPDYOG[B] a95P0059210